Ancient History Quiz - Statistics

General Stats
  • This quiz has been taken 60 times
  • The average score is 3 of 10
Answer Stats
Question Answer % Correct
What was the name of the Greek city-state famous for its military culture? Sparta
87%
Which river was central to the development of Ancient Egyptian civilization? The Nile River
49%
What writing system did the Sumerians develop? Cuneiform
45%
What was the name of the legendary king who created the first written law code in Babylon? Hammurabi
43%
What was the capital city of the Aztec Empire? Tenochtitlan
42%
Who was the Carthaginian general that crossed the Alps with elephants? Hannibal Barca
32%
Which ancient civilization built Machu Picchu? The Inca Empire
25%
Which ancient civilization is known for its oracle bones and bronze casting? Shang Dynasty
11%
Which ancient Indian empire promoted Buddhism and built stupas? The Maurya Empire
8%
What ancient civilization built the city of Petra in modern-day Jordan? The Nabataeans
6%
No matching quizzes found
Score Distribution
Percent of People with Each Score
Percentile by Number Answered
Your Score History
You have not taken this quiz